Представление документа в формате MARC21

Поле Инд. ПП Название Значение
Тип записи a
Библиографический уровень m
001 Контрольный номер c6795b95-0ded-4cbf-bfd7-12b1ed0189a1
005 Дата корректировки 20140703164532.7
008 Кодируемые данные 080514
020 a ISBN 978-5-482-01391-5
c Цена, тираж 73.45
040 a Служба первич. каталог. НБ ТвГУ
041 a Код языка текста rus
080 a Индекс УДК 35.07(470)(075.8)
084 a Индекс другой классификации/Индекс ББК Х401.02я73-1
090 a Полочн. индекс Х401.0
x Авторский знак Б30
100 1_ a Автор Бахрах Демьян Николаевич
245 10 a Заглавие Государственная служба России
b Продолж. заглавия учеб. пособие
c Ответственность Д. Н. Бахрах
260 0_ a Место издания Москва
b Издательство Проспект
b Издательство Велби
c Дата издания 2008
300 a Объем 148, [2] с.
504 a Библиография Библиогр. в подстроч. примеч.
583 a Действие Получение впервые 121 13.05.2008
k Исполнитель действия ООО "ТК Велби"
650 a Основная рубрика Административное право
z Географическая подрубрика Российская Федерация
650 a Основная рубрика Государственная служба
x Основная подрубрика Учебники для вузов
653 a Ключевые слова Административное право
a Ключевые слова Государственная служба
852 t Порядковый номер экземпляра 1
p Инвентарный номер 908531
852 t Порядковый номер экземпляра 3
p Инвентарный номер 908532
p Инвентарный номер 908533
p Инвентарный номер 908534
863 t 00216264
863 t 00216265
863 t 00216266
863 t 00216267
888 a За счет средств университета
930 a Новая/Ретро учебники
952 p 121.2008 73.45 1 908531
p 121.2008 73.45 1 908532
p 121.2008 73.45 1 908533
p 121.2008 73.45 1 908534
c Вид литературы К ру
954 a Дата поступления на обработку 20080516
999 a Подразделение 2 ч.з.
a Подразделение 2 Фил1